| 000 | 00383nam a2200133Ia 4500 | ||
|---|---|---|---|
| 003 | PILC | ||
| 008 | 220421s2010 xx 000 0 und d | ||
| 040 | _cEARIST LIBRARY | ||
| 100 |
_aLu Yang et.Al _9380 |
||
| 245 | 0 | _aEmbracing Destiny in China / | |
| 260 |
_aBejing;New Press 2010, _bAteneo de Manila Univ.Loyola Heights; Quezon City : _c2010. |
||
| 999 |
_c1691 _d1691 |
||
| 942 |
_2ddc _cBK |
||